The First 100 Words of Anne of Green Gables - Statistics

General Stats
  • This quiz has been taken 321 times
  • The average score is 35 of 100
Answer Stats
Answer % Correct
a
96%
the
89%
an
86%
to
69%
was
69%
in
67%
be
62%
and
61%
it
57%
of
57%
where
57%
for
53%
Mrs.
51%
by
49%
Rachel
49%
not
48%
Lynde
45%
that
45%
had
41%
with
40%
but
39%
road
39%
Cuthbert
38%
could
37%
Avonlea
34%
lived
30%
old
30%
time
30%
even
27%
down
25%
its
25%
into
22%
just
22%
little
22%
main
21%
without
21%
place;
20%
brook
18%
stream,
18%
past
17%
well-
17%
dark
16%
run
15%
those
14%
back
13%
hollow,
13%
Hollow
13%
Lynde's
13%
quiet,
12%
dipped
11%
door
11%
ladies'
10%
reached
10%
through
10%
woods
10%
woods,
10%
away
9%
pool
9%
course
8%
decency
8%
decorum;
8%
due
8%
regard
8%
source
8%
alders
7%
cascade;
7%
conducted
7%
fringed
7%
secrets
7%
eardrops
6%
earlier
6%
headlong
6%
intricate,
6%
reputed
6%
traversed
6%
No matching quizzes found
Score Distribution
Percent of People with Each Score
Percentile by Number Answered
Your Score History
You have not taken this quiz